| 000 | 00929cam a2200289 i 4500 | ||
|---|---|---|---|
| 999 |
_c48807 _d48807 |
||
| 001 | 48807 | ||
| 003 | Mx-PuUPA | ||
| 005 | 20200804153933.0 | ||
| 008 | 140415s2001 sp r 001 0 spa d | ||
| 020 | _a8480886501 | ||
| 040 |
_aMx-PuUPA _bspa _cMx-PuUPA _dMx-PuUPA _erda |
||
| 041 | 0 | _aspa | |
| 100 | 1 |
_aBorrell i Carrio, Francesc, _eautor _97967 |
|
| 245 | 1 | 0 |
_aCómo trabajar en equipo / _cFrancesc Borrell |
| 250 |
_aSegunda edición / _brevisada y ampliada |
||
| 264 | 4 |
_aBarcelona : _bEdiciones Gestión 2000, _c2001 |
|
| 300 |
_a252 páginas ; _c23 cm. |
||
| 336 |
_atexto _2rdacontent _btxt |
||
| 337 |
_asin medio _2rdamedia _bn |
||
| 338 |
_avolumen _2rdacarrier _bnc |
||
| 650 | 4 |
_aRelaciones laborales _xAspectos psicológicos |
|
| 650 | 4 |
_aTrabajo _xAspectos psicológicos |
|
| 650 | 4 | _aTrabajo en equipo | |
| 942 |
_2ddc _cLI _h658.306 _iB726 |
||